000 00691nam a2200277Ia 4500
005 20260324113331.0
008 008 260324s9999 xx 000 0 eng d
020 _a9781003496861
037 _aEBOOK
040 _aCRL
040 _beng
040 _cCRL
041 _2eng
041 _aeng
084 _qCRL
100 _aAlia Yunis; Robert Parthesius; NiccolòAcram Cappelletto
_91146357
245 0 _aFuture Stories in the Global Heritage Industry
260 _bTaylor and Francis
260 _c2024
365 _a
365 _b240
856 _uhttp://www.taylorfrancis.com/books/9781003496861
942 _cEBOOK
999 _c1735950
_d1735950